Statistiques concernant Plats gastronomiques français

Cliquez ici pour prendre le quiz!

Statistiques générales

  • Ce quiz a été pris 946 fois
  • Le résultat moyen est 10 sur 16

Statistiques - réponses

Réponse% Correct
Quiche lorraine
89%
Tartiflette
86%
Cassoulet
85%
Ratatouille
85%
Choucroute
82%
Bœuf bourguignon
76%
Blanquette de veau
72%
Gratin dauphinois
71%
Fondue savoyarde
70%
Hachis parmentier
70%
Pot au feu
70%
Cuisses de grenouille
64%
Aligot
63%
Bouillabaisse
29%
Coq au vin
15%
Escargots persillés
12%

Distribution des résultats

Percentile par nombre de réponses

% des personnes avec chaque résultat

Votre développement - résultats

Vous n’avez pas pris ce quiz